00545nam a2200157Ia 4500008004000000082001500040100002800055245004100083260003800124300000800162650001000170690001700180906001100197999001700208952016200225210210b1980 xxu||||| |||| 00| 0 eng d a794.1 KASD aKASPARYAN (Ghenrikh M). aDomination in 2,545 endgame studies. aMoscowbProgress Publishersc1980 a545 aChess aIndoor Games a036112 c86508d86508 00102ddc40708Games & SportsaALbALcSSSd2021-02-17eAthree Book Centre, Mangalore-01.g0.00l0o794.1 KASDp036112r2021-02-17 00:00:00w2021-02-17yBK